000 00353nam a22001337a 4500
008 230623b xxu||||| |||| 00| 0 eng d
020 _a9966900365
082 _a330.
_bSOW 1995
245 _aFiscal Adjustment and Growth: In and Out of Africa
260 _bAfrican Economic Research Consortium
_c1995
300 _a53p
440 _n19
942 _2ddc
_cBK
999 _c2393
_d2393